<?xml version="1.0" encoding="UTF-8"?><?xml-stylesheet type="text/xsl" href="static/style.xsl"?><OAI-PMH xmlns="http://www.openarchives.org/OAI/2.0/" xmlns:xsi="http://www.w3.org/2001/XMLSchema-instance" xsi:schemaLocation="http://www.openarchives.org/OAI/2.0/ http://www.openarchives.org/OAI/2.0/OAI-PMH.xsd"><responseDate>2026-04-13T06:56:12Z</responseDate><request verb="GetRecord" identifier="oai:www.recercat.cat:2099.1/15588" metadataPrefix="marc">https://recercat.cat/oai/request</request><GetRecord><record><header><identifier>oai:recercat.cat:2099.1/15588</identifier><datestamp>2025-07-17T16:37:15Z</datestamp><setSpec>com_2072_1033</setSpec><setSpec>col_2072_452951</setSpec></header><metadata><record xmlns="http://www.loc.gov/MARC21/slim" xmlns:dcterms="http://purl.org/dc/terms/" xmlns:xsi="http://www.w3.org/2001/XMLSchema-instance" xmlns:doc="http://www.lyncode.com/xoai" xsi:schemaLocation="http://www.loc.gov/MARC21/slim http://www.loc.gov/standards/marcxml/schema/MARC21slim.xsd">
   <leader>00925njm 22002777a 4500</leader>
   <datafield ind2=" " ind1=" " tag="042">
      <subfield code="a">dc</subfield>
   </datafield>
   <datafield ind2=" " ind1=" " tag="720">
      <subfield code="a">Castellón Briansó, Marina</subfield>
      <subfield code="e">author</subfield>
   </datafield>
   <datafield ind2=" " ind1=" " tag="260">
      <subfield code="c">2012-06-26</subfield>
   </datafield>
   <datafield ind2=" " ind1=" " tag="520">
      <subfield code="a">Degut a la creixent demanda d’ús de llàgrimes artificials per part de&#xd;
pacients usuaris de lents de contacte amb simptomatologia d’ull sec, s’ha realitzat aquest estudi en una mostra de població.&#xd;
Per una banda, s’ha correlacionat els símptomes amb els signes i, per altra banda, s’ha analitzat la relació entre els signes clínics amb i sense llàgrima artificial.&#xd;
Els resultats de les propietats fisicoquímiques de les llàgrimes&#xd;
comercials estudiades, densitat, pH, tensió superficial, viscositat i angle de contacte s’ajusten a les reportades en la bibliografia.&#xd;
Els resultats clínics obtinguts mostren una correlació entre els símptomes d’ull sec i els signes que l’avaluen, principalment per&#xd;
aquells signes que avaluen volum de llàgrima (altura de menisc lacrimal i test roig de fenol). L’ús de llàgrimes artificials millora&#xd;
significativament els valors dels signes clínics avaluats.</subfield>
   </datafield>
   <datafield tag="653" ind2=" " ind1=" ">
      <subfield code="a">Àrees temàtiques de la UPC::Ciències de la visió::Contactologia</subfield>
   </datafield>
   <datafield tag="653" ind2=" " ind1=" ">
      <subfield code="a">Tears</subfield>
   </datafield>
   <datafield tag="653" ind2=" " ind1=" ">
      <subfield code="a">Contact lenses</subfield>
   </datafield>
   <datafield tag="653" ind2=" " ind1=" ">
      <subfield code="a">Dry eye syndromes</subfield>
   </datafield>
   <datafield tag="653" ind2=" " ind1=" ">
      <subfield code="a">Aparell lacrimal</subfield>
   </datafield>
   <datafield tag="653" ind2=" " ind1=" ">
      <subfield code="a">Ulls -- Malalties i defectes</subfield>
   </datafield>
   <datafield tag="653" ind2=" " ind1=" ">
      <subfield code="a">Lents de contacte</subfield>
   </datafield>
   <datafield ind2="0" ind1="0" tag="245">
      <subfield code="a">Models de llàgrima artificial: estudi de llàgrimes artificials comercials</subfield>
   </datafield>
</record></metadata></record></GetRecord></OAI-PMH>